Départements de France par numéro - Statistiques

Statistiques générales
  • Ce quiz a été pris 1 467 fois
  • Le résultat moyen est 36 sur 50
Statistiques - réponses
Code Insee Département % Correct
01 Ain
92%
75 Paris
88%
2A Corse-du-Sud
87%
2B Haute-Corse
86%
69 Rhône
86%
02 Aisne
85%
13 Bouches-du-Rhône
83%
93 Seine-Saint-Denis
82%
33 Gironde
81%
03 Allier
80%
14 Calvados
79%
06 Alpes-Maritimes
76%
15 Cantal
76%
91 Essonne
76%
05 Hautes-Alpes
76%
59 Nord
75%
08 Ardennes
74%
10 Aube
74%
11 Aude
74%
44 Loire-Atlantique
74%
60 Oise
74%
95 Val-d'Oise
74%
04 Alpes-de-Haute-Provence
73%
17 Charente-Maritime
73%
94 Val-de-Marne
73%
07 Ardèche
72%
29 Finistère
72%
38 Isère
72%
45 Loiret
72%
83 Var
72%
09 Ariége
71%
24 Dordogne
71%
30 Gard
71%
32 Gers
71%
34 Hérault
71%
90 Territoire de Belfort
71%
12 Aveyron
70%
19 Corrèze
70%
21 Côte-d'Or
70%
25 Doubs
70%
27 Eure
70%
92 Hauts-de-Seine
70%
77 Seine-et-Marne
70%
78 Yvelines
70%
16 Charente
69%
18 Cher
69%
31 Haute-Garonne
69%
35 Ille-et-Vilaine
69%
39 Jura
69%
42 Loire
69%
26 Drôme
68%
54 Meurthe-et-Moselle
68%
28 Eure-et-Loir
67%
74 Haute-Savoie
67%
68 Haut-Rhin
67%
56 Morbihan
67%
76 Seine-Maritime
67%
67 Bas-Rhin
66%
22 Côtes-d'Armor
66%
51 Marne
66%
64 Pyrénées-Atlantiques
66%
66 Pyrénées-Orientales
66%
80 Somme
66%
85 Vendée
66%
52 Haute-Marne
65%
40 Landes
65%
58 Nièvre
65%
84 Vaucluse
65%
86 Vienne
65%
23 Creuse
64%
36 Indre
64%
37 Indre-et-Loir
64%
53 Mayenne
64%
57 Moselle
64%
47 Lot-et-Garonne
63%
50 Manche
63%
61 Orne
63%
62 Pas-de-Calais
63%
72 Sarthe
63%
81 Tarn
63%
88 Vosges
63%
73 Savoie
62%
89 Yonne
62%
70 Haute-Saône
61%
55 Meuse
61%
43 Haute-Loire
60%
87 Haute-Vienne
59%
63 Puy-de-Dôme
59%
71 Saône-et-Loire
59%
82 Tarn-et-Garonne
59%
79 Deux-Sèvres
57%
49 Maine-et-Loire
57%
65 Hautes-Pyrénées
56%
41 Loir-et-Cher
56%
46 Lot
54%
48 Lozère
54%
Aucun quiz correspondant
Distribution des résultats
% des personnes avec chaque résultat
Percentile par nombre de réponses
Votre historique - résultats
Vous n’avez pas pris ce quiz